Planning: here's the gain plan (Record no. 63698)

MARC details
000 -LEADER
fixed length control field 01114cam a2200205 4500
001 - CONTROL NUMBER
control field ABS62365
008 - FIXED-LENGTH DATA ELEMENTS--GENERAL INFORMATION
fixed length control field 000000n2000 000 0 eng u
035 ## - SYSTEM CONTROL NUMBER
System control number (Sirsi) u106349
100 ## - MAIN ENTRY--PERSONAL NAME
Personal name Crow, Stephen
245 ## - TITLE STATEMENT
Title Planning: here's the gain plan
260 ## - PUBLICATION, DISTRIBUTION, ETC.
Date of publication, distribution, etc. 2000
490 ## - SERIES STATEMENT
Series statement Building
Volume/sequential designation 265(8137) 19 May 2000, 78(1)
520 ## - SUMMARY, ETC.
Summary, etc. Considers that the DoE Circular on planning gain is badly in need of revision, because it outlines what should not be done but gives no guidance on what may be done. The RTPI is at present reviewing a suggestion that the so-called voluntary negotiation should be replaced by a tariff or scale approach. The basis of this approach is that each development plan would set out its requirements for the provision or renewal of infrastructure and how these requirements relate to the developments which will pay for them. In the United States this principle is known as 'rational nexus'.
590 ## - LOCAL NOTE (RLIN)
Local note ABS
650 ## - SUBJECT ADDED ENTRY--TOPICAL TERM
Topical term or geographic name entry element PLANNING GAIN
650 ## - SUBJECT ADDED ENTRY--TOPICAL TERM
Topical term or geographic name entry element REFORM
650 ## - SUBJECT ADDED ENTRY--TOPICAL TERM
Topical term or geographic name entry element DEVELOPMENT PLANS
690 ## - LOCAL SUBJECT ADDED ENTRY--TOPICAL TERM (OCLC, RLIN)
Topical term or geographic name as entry element ENVIRONMENTAL AND LAND CONSULTANCY-PLANNING AND DEVELOPMENT
942 ## - ADDED ENTRY ELEMENTS (KOHA)
Suppress in OPAC 0
Holdings
Withdrawn status Lost status Source of classification or shelving scheme Damaged status Not for loan Home library Current library Shelving location Date acquired Total Checkouts Full call number Barcode Date last seen Copy number Price effective from Koha item type
    Dewey Decimal Classification     London London Journal article 07/06/2000   ABS62365 106349-1001 06/08/2019 1 06/08/2019 Journal article